| Tag |
First Indicator |
Second Indicator |
Subfields |
| LEADER |
00000cam a22000001a 4500 |
| 001 |
in00002890713 |
| 005 |
20190401171405.0 |
| 006 |
m o d |
| 007 |
cr un mmmapmmp |
| 008 |
060821s1869 dcu o f000 0 eng d |
| 035 |
|
|
|a cis2004000487
|
| 040 |
|
|
|a UMI
|c UMI
|d UtOrBLW
|
| 043 |
|
|
|a n-us---
|
| 099 |
|
|
|a ProQuest Serial Set Number 1360 S.exdoc.51
|
| 110 |
1 |
|
|a United States.
|b Attorney-General.
|
| 245 |
1 |
0 |
|a Letter of the Attorney General, communicating, in compliance with the resolution of the Senate of the 13th instant, information in relation to the discontinuance of proceedings against persons in New York charged with a violation of the internal revenue laws.
|
| 246 |
1 |
|
|a Correspondence on discontinuance of proceedings against persons in New York charged with violation of internal revenue laws
|
| 264 |
|
1 |
|a Washington :
|b [publisher not identified],
|c 1869.
|
| 300 |
|
|
|a 1 online resource.
|
| 336 |
|
|
|a text
|b txt
|2 rdacontent
|
| 337 |
|
|
|a computer
|b c
|2 rdamedia
|
| 338 |
|
|
|a online resource
|b cr
|2 rdacarrier
|
| 490 |
0 |
|
|a S.exdoc.51
|
| 500 |
|
|
|a Record is based on bibliographic data in ProQuest U.S. Serial Set Digital Collection (last viewed Aug. 2006). Reuse except for individual research requires license from ProQuest, LLC.
|
| 510 |
3 |
|
|a ProQuest U.S. Serial Set Digital Collection
|
| 500 |
|
|
|a Electronic resource.
|
| 650 |
|
0 |
|a Charges and specifications (Courts-martial)
|
| 650 |
|
0 |
|a Internal revenue.
|
| 651 |
|
0 |
|a New York (State)
|
| 655 |
|
7 |
|a Electronic books.
|2 local
|
| 710 |
2 |
|
|a ProQuest (Firm)
|
| 830 |
|
0 |
|a United States congressional serial set.
|
| 856 |
4 |
0 |
|u http://proxy.library.tamu.edu/login?url=http://congressional.proquest.com/congcomp/getdoc?SERIAL-SET-ID=1360+S.exdoc.51
|z Connect to the full text of this electronic book
|t 0
|
| 999 |
|
|
|a MARS
|
| 999 |
f |
f |
|s 24e38d06-ef08-3e24-adc9-6325f1eb891b
|i 2b91a7c3-c4dd-3ee9-a8a1-09336cef2057
|t 0
|
| 952 |
f |
f |
|a Texas A&M University
|b College Station
|c Electronic Resources
|d Available Online
|t 0
|e ProQuest Serial Set Number 1360 S.exdoc.51
|h Other scheme
|
| 998 |
f |
f |
|a ProQuest Serial Set Number 1360 S.exdoc.51
|t 0
|l Available Online
|